00853 a2200205 4500003000500000005001700005035001100022040000900033082001600042245006300058260000900121300001000130440001600140505031500156650003100471651001100502942001200513999001900525952010300544Nust20170207154015.0 a005.43 cNust bGoldt, Sven aThe Linux Programmer’s Guide Linux (E-BOOK)cSven Goldt c1995 a131 p aVersion 0.4 a The Linux operating system (page-7) The Linux kernel (page-9) The Linux libc package (page-11) System calls (page-13) The “swiss army knife” ioctl (page-15) Linux Interprocess Communications (page-17) Sound Programming (page-69) Character Cell Graphics (page-71) Porting Applications to Linux (page-119)  aLinux Programmer’s Guide aE-BOOK 2ddccBK c191403d191403 00102ddc40708NFICaMCSbMCSd2016-12-12l0o005.43 SVEpMCSEB-671r2016-12-08w2016-12-12yBK